| 000 | 00709nam a22002177a 4500 | ||
|---|---|---|---|
| 003 | UA-OsUOA | ||
| 001 | 64095 | ||
| 007 | ta | ||
| 008 | 20091029b un ||||| |||| 00| 0 ukr d | ||
| 090 |
_a930.25 _bГ72 |
||
| 942 | _cBK | ||
| 040 |
_aUA-OsUOA _brus _cUA-OsUOA _dUA-OsUOA |
||
| 245 |
_aГосударственное древлехранилище хартий и рукописей _bОпись документальных материалов фонда № 135 _cРед. Л.В. Черепнин |
||
| 300 | _a204 с. | ||
| 955 | _a2 | ||
| 041 | _arus | ||
| 080 | _a930.25 | ||
| 260 |
_aМ. _c1971 |
||
| 650 | 7 |
_a930.25 Архівознавство. Архівна справа _2UDC |
|
| 999 |
_c350239 _d350239 |
||